Inazuma Eleven - Noms d'épisodes Saison 3 - Statistiques

Statistiques générales
  • Ce quiz a été pris 101 fois
  • Le résultat moyen est 10 sur 60
Statistiques - réponses
Numéro Réponse % Correct
1 La sélection japonaise
53%
3 L'entraîneur maudit
49%
42 La Sky Team
45%
5 Il faut battre les Big Waves
43%
43 La Dark Team
43%
2 La naissance d'Inazuma Japon
42%
7 Le réveil d'Austin
41%
16 Lève-toi, Capitaine
36%
17 A nous le passeport pour le mondial
30%
13 Le dernier match
30%
12 La décision d'Axel
26%
22 Surpasser les Mains de l'Infini
24%
28 Une situation désespérée : la défaite d'Inazuma japon ?
24%
29 Le secret de Camélia
23%
6 Les Lions du Désert, des guerriers impétueux
23%
18 Et c'est parti pour le mondial
22%
19 Impressionnant le niveau mondial
20%
30 Le dernier coup d'envoi d'Erik
20%
25 Le face à face des deux Jude
20%
14 L'équipe la plus forte d'Asie ! Les Dragons de Feu
20%
40 Le dernier cahier du grand-père
19%
21 Ma technique personnelle enfin terminée
19%
15 Une tactique imparable ! La Zone de Pressing Parfait
19%
44 La Dark Sky : le réveil du roi des démons
18%
24 La malédiction de la Royal Academy - Deuxième Partie
18%
23 La malédiction de la Royal Academy - Première Partie
18%
27 La forteresse imprenable
16%
34 Austin et Archer : le choc
15%
32 La détermination du Phénix
15%
41 La légende de Liocott
15%
11 Le plan de Camélia pour une méga supertechnique
15%
26 Le combat des Manchots Empereurs
14%
33 L'incroyable rencontre avec des kappas
12%
8 Grand duel entre Mark et Archer
11%
20 Knights of Queen, les chevaliers d'Angleterre
11%
46 La conspiration de Zoolan Rice
11%
60 Le coup d'envoi de notre avenir
11%
38 Les esprits s'échauffent ! Mark contre Paolo
11%
9 Un changement de sélection ? Le plus grand des défis
11%
56 Duel au sommet contre les Little Gigantes - Première Partie
9%
4 Engagement ! Le match vers le mondial
9%
58 Enfin le dénouement ! Les champions du monde
7%
47 Inazuma Japon contre les Rois du Football
7%
59 La cérémonie de remise des diplômes
7%
39 L'ultime défi de Ray Dark
7%
31 Une amitié à toute épreuve ! Erik contre Mark
7%
53 Entraînement spécial avec Paolo
5%
48 La contre-attaque des Rois du Football
5%
45 La face cachée des Rois du Football
5%
10 Le dernier défi : la sélection de Percy Travis contre celle de Lina Schiller
5%
37 La plus puissante des supertactiques ! La contre-attaque Catenaccio
4%
51 La redoutable Zoolan Team
4%
55 Le dernier duel d'Inazuma Japon
4%
36 Le match décisif approche ! La décision de Paolo
4%
50 Les joueurs de dernière génération
4%
49 L'extraordinaire équipe des Little Gigantes
4%
54 Onze règles pour gagner le mondial
4%
35 Le réveil du souvenir : toute la vérité sur Camélia
3%
57 Duel au sommet contre les Little Gignates - Deuxième Partie
1%
52 Le plus fort des adversaires
1%
Aucun quiz correspondant
Distribution des résultats
% des personnes avec chaque résultat
Percentile par nombre de réponses
Votre historique - résultats
Vous n’avez pas pris ce quiz